MARC details
| 000 -LEADER |
| fixed length control field |
03121cas a2200709 a 4500 |
| 001 - CONTROL NUMBER |
| control field |
11259680 |
| 003 - CONTROL NUMBER IDENTIFIER |
| control field |
OSt |
| 005 - DATE AND TIME OF LATEST TRANSACTION |
| control field |
20230704110237.0 |
| 008 - FIXED-LENGTH DATA ELEMENTS--GENERAL INFORMATION |
| fixed length control field |
791214c19789999nyuar bi 0 a0eng c |
| 010 ## - LIBRARY OF CONGRESS CONTROL NUMBER |
| LC control number |
82642048 |
| 015 ## - NATIONAL BIBLIOGRAPHY NUMBER |
| National bibliography number |
GB8211811 |
| Source |
bnb |
| 016 ## - NATIONAL BIBLIOGRAPHIC AGENCY CONTROL NUMBER |
| Record control number |
(AMICUS)000003239283 |
| 016 7# - NATIONAL BIBLIOGRAPHIC AGENCY CONTROL NUMBER |
| Record control number |
015542310 |
| Source |
Uk |
| 016 ## - NATIONAL BIBLIOGRAPHIC AGENCY CONTROL NUMBER |
| Record control number |
015542310 |
| 022 0# - INTERNATIONAL STANDARD SERIAL NUMBER |
| International Standard Serial Number |
0732-6610 |
| ISSN-L |
0732-6610 |
| Source |
1 |
| 035 ## - SYSTEM CONTROL NUMBER |
| System control number |
(OCoLC)ocm05796565 |
| 040 ## - CATALOGING SOURCE |
| Original cataloging agency |
DRB |
| Language of cataloging |
eng |
| Transcribing agency |
DRB |
| Modifying agency |
DLC |
| -- |
NSD |
| -- |
NST |
| -- |
NSD |
| -- |
NST |
| -- |
NSD |
| -- |
DLC |
| -- |
NST |
| -- |
OCL |
| -- |
NST |
| -- |
HUL |
| -- |
NST |
| -- |
OCL |
| -- |
NST |
| -- |
IUL |
| -- |
NST |
| -- |
HUL |
| -- |
NST |
| -- |
DLC |
| -- |
WAU |
| -- |
NST |
| -- |
IUL |
| -- |
SYS |
| -- |
GUA |
| -- |
OCLCQ |
| -- |
ZCU |
| -- |
CUS |
| -- |
NSD |
| -- |
ZNL |
| -- |
OCLCQ |
| -- |
ZAD |
| -- |
UKMGB |
| -- |
MYG |
| -- |
TULIB |
| -- |
CUI |
| -- |
OCLCQ |
| -- |
CLU |
| -- |
WAU |
| -- |
OCLCF |
| -- |
YDXCP |
| -- |
OCLCO |
| -- |
OCLCQ |
| -- |
YDX |
| -- |
NLC |
| -- |
MNS |
| -- |
OCLCQ |
| -- |
GILDS |
| -- |
OCLCO |
| -- |
OCLCQ |
| -- |
OCL |
| -- |
CPO |
| -- |
OCLCQ |
| -- |
ZQP |
| -- |
OCLCO |
| -- |
ZHC |
| -- |
IUL |
| -- |
OCLCQ |
| -- |
PWQ |
| 042 ## - AUTHENTICATION CODE |
| Authentication code |
pcc |
| -- |
nsdp |
| 050 00 - LIBRARY OF CONGRESS CALL NUMBER |
| Classification number |
JC571 |
| Item number |
.F66 |
| 050 14 - LIBRARY OF CONGRESS CALL NUMBER |
| Classification number |
K3240.4 |
| Item number |
.G37 |
| 082 04 - DEWEY DECIMAL CLASSIFICATION NUMBER |
| Classification number |
341.4 |
| Edition number |
19 |
| Item number |
GAS |
| 210 0# - ABBREVIATED TITLE |
| Abbreviated title |
Freedom world |
| 222 #0 - KEY TITLE |
| Key title |
Freedom in the world |
| 245 00 - TITLE STATEMENT |
| Title |
Freedom in the world / |
| Statement of responsibility, etc. |
Raymond D. Gastil. |
| 246 1# - VARYING FORM OF TITLE |
| Title proper/short title |
Survey of political rights & civil liberties |
| 246 1# - VARYING FORM OF TITLE |
| Title proper/short title |
Survey of political rights and civil liberties |
| 246 13 - VARYING FORM OF TITLE |
| Title proper/short title |
Annual survey of political rights and civil liberties |
| 246 13 - VARYING FORM OF TITLE |
| Title proper/short title |
Annual survey of political rights & civil liberties |
| 260 ## - PUBLICATION, DISTRIBUTION, ETC. (IMPRINT) |
| Place of publication, distribution, etc. |
New York : |
| Name of publisher, distributor, etc. |
Freedom House, |
| Date of publication, distribution, etc. |
1983-84 |
| 300 ## - PHYSICAL DESCRIPTION |
| Extent |
volumes : |
| Other physical details |
map ; |
| Dimensions |
25 cm |
| 310 ## - CURRENT PUBLICATION FREQUENCY |
| Current publication frequency |
Annual |
| 336 ## - CONTENT TYPE |
| Content type term |
text |
| Content type code |
txt |
| Source |
rdacontent |
| 337 ## - MEDIA TYPE |
| Media type term |
unmediated |
| Media type code |
n |
| Source |
rdamedia |
| 338 ## - CARRIER TYPE |
| Carrier type term |
volume |
| Carrier type code |
nc |
| Source |
rdacarrier |
| 362 0# - DATES OF PUBLICATION AND/OR SEQUENTIAL DESIGNATION |
| Dates of publication and/or sequential designation |
1978- |
| 504 ## - BIBLIOGRAPHY, ETC. NOTE |
| Bibliography, etc |
Includes bibliographical references and index. |
| 530 ## - ADDITIONAL PHYSICAL FORM AVAILABLE NOTE |
| Additional physical form available note |
Also issued online. |
| 588 1# - SOURCE OF DESCRIPTION NOTE |
| Source of description note |
2012. |
| 590 ## - LOCAL NOTE (RLIN) |
| Local note |
SERBIB/SERLOC merged record |
| 650 #0 - SUBJECT ADDED ENTRY--TOPICAL TERM |
| Topical term or geographic name as entry element |
Civil rights |
| Form subdivision |
Periodicals. |
| 650 #0 - SUBJECT ADDED ENTRY--TOPICAL TERM |
| Topical term or geographic name as entry element |
Political rights |
| Form subdivision |
Periodicals. |
| 650 #7 - SUBJECT ADDED ENTRY--TOPICAL TERM |
| Topical term or geographic name as entry element |
civil rights. |
| Source of heading or term |
eurovocen |
| 650 #7 - SUBJECT ADDED ENTRY--TOPICAL TERM |
| Topical term or geographic name as entry element |
rights of the individual. |
| Source of heading or term |
eurovocen |
| 650 #7 - SUBJECT ADDED ENTRY--TOPICAL TERM |
| Topical term or geographic name as entry element |
political rights. |
| Source of heading or term |
eurovocen |
| 650 #7 - SUBJECT ADDED ENTRY--TOPICAL TERM |
| Topical term or geographic name as entry element |
droits civiques. |
| Source of heading or term |
eurovocfr |
| 650 #7 - SUBJECT ADDED ENTRY--TOPICAL TERM |
| Topical term or geographic name as entry element |
droit de l'individu. |
| Source of heading or term |
eurovocfr |
| 650 #7 - SUBJECT ADDED ENTRY--TOPICAL TERM |
| Topical term or geographic name as entry element |
droits politiques. |
| Source of heading or term |
eurovocfr |
| 650 #7 - SUBJECT ADDED ENTRY--TOPICAL TERM |
| Topical term or geographic name as entry element |
Civil rights. |
| Source of heading or term |
fast |
| Authority record control number |
(OCoLC)fst00862627 |
| 650 #7 - SUBJECT ADDED ENTRY--TOPICAL TERM |
| Topical term or geographic name as entry element |
Political rights. |
| Source of heading or term |
fast |
| Authority record control number |
(OCoLC)fst01069715 |
| 655 #7 - INDEX TERM--GENRE/FORM |
| Genre/form data or focus term |
Yearbooks. |
| Source of term |
fast |
| Authority record control number |
(OCoLC)fst01424368 |
| 655 #7 - INDEX TERM--GENRE/FORM |
| Genre/form data or focus term |
Periodicals. |
| Source of term |
fast |
| Authority record control number |
(OCoLC)fst01411641 |
| 655 #7 - INDEX TERM--GENRE/FORM |
| Genre/form data or focus term |
Yearbooks. |
| Source of term |
lcgft |
| 655 #7 - INDEX TERM--GENRE/FORM |
| Genre/form data or focus term |
Periodicals. |
| Source of term |
lcgft |
| 775 08 - OTHER EDITION ENTRY |
| Relationship information |
British edition: |
| Title |
Freedom in the world (Oxford, England) |
| Record control number |
(DLC)sn 83004533 |
| -- |
(OCoLC)10034105 |
| 776 08 - ADDITIONAL PHYSICAL FORM ENTRY |
| Relationship information |
Online version: |
| Title |
Freedom in the world |
| Record control number |
(DLC) 2004255113 |
| -- |
(OCoLC)48991040 |
| 906 ## - LOCAL DATA ELEMENT F, LDF (RLIN) |
| a |
7 |
| b |
cbc |
| c |
serials |
| d |
2 |
| e |
ncip |
| f |
19 |
| g |
n-oclcserc |
| 942 ## - ADDED ENTRY ELEMENTS (KOHA) |
| Source of classification or shelving scheme |
Dewey Decimal Classification |
| Koha item type |
Books |